000 00284 a2200121 4500
000 nam a22 7a 4500
005 20260202160606.0
020 _a9788199310759
100 _aChandrabali pandey
_91113199
245 _aTulsidas
260 _bAnanya Prakashan
_c2025
942 _cTEXL
999 _c1678510
_d1678510